000 01234nam0a22002771 4500
001 rc\1134607
005 20041126174706.1
035 _a(NLR Aleph) 006375597
090 _a5038211
_c5038211
100 _a20041126d1980 u |0rusy50 ca
101 0 _arus
102 _aRU
105 _ay |||||||||
200 1 _aСоциальная структура и социальная политика США, Великобритании, ФРГ, Франции и Канады
_f[И.С. Хмель, В.А. Горбик, В.Н. Гулевич и др.
_gРедкол.: А.Н. Шлепаков (отв. ред.) и др.]
210 _aКиев
_cНаукова думка
_d1980
215 _a403 с.
_d21
300 _aАвт. указан на обороте тит. л.
300 _aВ надзаг.: АН УССР, Ин-т истории, Ин-т социал. и экон. пробл. зарубеж. стран
701 1 _aХмель
_bИ. С.
_gИван Сергеевич
702 1 _aШлепаков
_bА. Н.
_gАрнольд Николаевич
_4340
712 0 2 _aИнститут истории
_cКиев
801 0 _aRU
_bNLR
_gpsbo
801 1 _aRU
_bELAR
_2rusmarc
852 _aNLR
_j80-3/10830
942 _cBOOK
980 _aNB